000 01038nam a22003017a 4500
003 CHAP
005 20220329140859.0
008 971013s1964 r 00010 d
010 _a59188
011 _a60160
035 _a64320
040 _cCHAP
082 _a633.15
_bP78 1964
245 _aPrograma de Maíz. Conferencia Anual. 8, Medellín, 1964
260 _a(s.l.) :
_bInstituto Colombiano Agropecuario,
_c1964
300 _a185 p.
590 _aBATCH-UPD
_b10
_c20130110
_lUCH01
_h2051
590 _aBATCH-UPD
_b10
_c20130410
_lUCH01
_h1404
590 _aBATCH-UPD
_b10
_c20130914
_lUCH01
_h1753
590 _aCONVERSION
_b10
_c20130109
_lUCH01
_h1332
650 1 4 _aMaíz
_xInvestigación
_xColombia.
_970988
650 1 4 _aMaíz
_xMejoramiento.
_971006
710 0 _aInstituto Colombiano Agropecuario. Tibaitatá.
_959089
901 _aBK
942 _cLIBRO
949 _a633.15 P78 1964
_bBC
_cLIBRO
_d33724000207601
_eLIBRO
_fc.2
_h40971
_i64320
_mD
_si
949 _a633.15 P78 1964
_bBC
_cLIBRO
_d33724000207635
_eLIBRO
_h40970
_i64320
_mD
_si
999 _c59188
_d59188